000 00234nam a2200097Ia 4500
001 989114
005 20250826221150.0
008 250824s9999 xx 000 0 und d
245 0 _aKENDİNİ BULMAK
_cİHSAN FAZLIOĞLU
260 _bKETEBE
999 _c989114
_d989114